000 01334cam a2200397 4500
999 _c24025
_d24025
001 vtls012254985
005 20251105120931.0
008 240419s2024 xo o g 000 f slo
020 _a9788057056188
_q(viazané)
040 _aSVKBB
_bslo
_cSVKBB
_dSNK
_erda
041 0 _aslo
044 _axo
_cSK
072 7 _a821.162.4-3
_xSlovenská próza
_2konspekt
080 _a821.162.4-31
_22011
080 _a821-311.1
_22011
080 _a(0:82-32)
_22011
100 1 _aZacher Pajpachová, Jarmila
_4aut
_4pht
_95245
245 1 0 _aKajúcnica Irma
_cJarmila Zacher Pajpachová
250 _a1. vydanie
264 1 _a[Poprad]
_b[Autorka vlastným nákladom]
_c[2024]
264 4 _c©2024
300 _a143 strán
_bčiernobiele fotografie
_c22 cm
336 _atext
_btxt
_2rdacontent
337 _abez média
_bn
_2rdamedia
338 _azväzok
_bnc
_2rdacarrier
500 _aVydavateľské údaje podľa NA ISBN
655 7 _aslovenské romány
_2SNKPH
_91694
655 7 _apsychologické romány
_2SNKPH
_92388
655 7 _askutočné príbehy
_2SNKPH
_91705
655 7 _aSlovak fiction
_2SNKPHeng
_91695
655 7 _aPsychological novels
_2SNKPHeng
_92389
655 7 _aStories
_2SNKPHeng
_91706
700 1 _aZacher Pajpachová, Jarmila
_tHriešnica Irma
_95246
958 _aLX